| 000 | 01029nas a2200337 4500 | ||
|---|---|---|---|
| 001 | BR0604379 | ||
| 003 | BR-BrBNA | ||
| 005 | 20231205110350.0 | ||
| 007 | ta | ||
| 008 | 230509b bl.|||p| |||| 00| 00por d | ||
| 040 |
_aBR-BrBNA _bpor _cBiblioteca Nacional de Agricultura |
||
| 041 | _a(Pt) | ||
| 072 | _aL53; L10 | ||
| 100 | 1 | _aGrecellé, R.A. | |
| 100 | 1 | _aBarcellos, J.O.J. | |
| 100 | 1 | _aBraccini Neto, J. | |
| 100 | 1 | _aCosta, E.C. da | |
| 100 | 1 | _aPrates, Ê.R. | |
| 245 | 1 | _aTaxa de prenhez de vacas Nelore x Hereford em ambiente subtropical sob restrição alimentar | |
| 650 | _aGADO NELORE | ||
| 650 | _aGADO HEREFORD | ||
| 650 | _aCRUZAMENTO ANIMAL | ||
| 650 | _aPRENHEZ | ||
| 650 | _aMODELO MATEMÁTICO | ||
| 650 | _aCONDIÇÃO CORPORAL | ||
| 650 | _aCONDIÇÃO AMBIENTAL | ||
| 650 | _aGANHO DE PESO | ||
| 773 | 0 |
_tRevista Brasileira de Zootecnia (Brazil) _xISSN 1516-3598 _g(Jul-Aug 2006), v. 35(4) p. 1423-1430 _wBR0604379 |
|
| 909 |
_a202311 _bLúcia _c55 _dLúcia Elande |
||
| 942 |
_2AGRIS _n0 _cANA |
||
| 999 |
_c187120 _d187120 |
||